000 05053nab a2200325 i 4500
003 BR-BrBNA
005 20240902143701.0
008 240902b2019 bl.qr|pooa||| 00| 0 por |
040 _aBR-BrBNA
_bpor
072 _aF30
072 _aF63
100 _aTedesco, Marília
100 _aKuhn, Andrielle Wouters
100 _aFrescura, Viviane Dal-Souto
100 _aTedesco, Solange Bosio
100 _aSilva, Antonio Carlos Ferreira da
245 _aComportamento meiótico e estimativa da viabilidade polínica de acessos de Sambucus australis (ADOXACEAE)
500 _aPublicação on-line; 32 ref.; 3 tables; 3 illus.; Summaries (En, Pt)
520 _a RESUMO: Sambucus australis, conhecida popularmente como sabugueiro, é uma planta utilizada na medicina alternativa por suas ações diaforética, anti-inflamatória e analgésica. Para potencializar a utilização desta espécie medicinal nativa e também fornecer a caracterização citogenética que auxilie, posteriormente, programas de preservação e melhoramento genético, o objetivo deste estudo foi caracterizar o comportamento meiótico, bem como estimar a viabilidade polínica de diferentes acessos de S. australis do Rio Grande do Sul através de distintos corantes. Para isso, os botões florais de 15 acessos foram coletados, fixados em etanol:ácido acético (3:1) e conservados em etanol 70% até o uso. As lâminas foram preparadas pela técnica de esmagamento das anteras. Para a análise meiótica foi utilizado o corante orceína acética 2%, sendo analisadas todas as fases e determinado o índice meiótico. Para a estimativa da viabilidade polínica foram utilizados três corantes: reativo de Alexander, orceína acética 2% e carmim acético 2%. Os dados foram analisados pelo teste de Scott-Knott ao nível de 5% de significância. Nos 12 acessos analisados a meiose foi regular, apresentando associações cromossômicas preferencialmente em bivalentes, encontrando-se n = 19 e os valores de índice meiótico foram superiores a 90%. Quanto à viabilidade polínica, a maioria dos acessos apresentou uma alta porcentagem de polens viáveis (acima de 75%), exceto o acesso ERE01 (44%). Na comparação entre os corantes, o reativo de Alexander foi considerado o mais indicado para estimar a viabilidade polínica da espécie. Assim, pode-se concluir que os acessos de S. australis estudados possuem comportamento meiótico regular, número gamético n = 19 cromossomos, altos valores de índice meiótico e alta porcentagem de polens viáveis. Palavras-chave: sabugueiro, citogenética, meiose, grãos de pólen, corantes
520 _a ABSTRACT: Meiotic behavior and estimative pollen viability of accesses of Sambucus australis (ADOXACEAE). Sambucus australis, popularly known as “sabugueiro”, is a plant used in alternative medicine for its diaphoretic, anti-inflammatory and analgesic actions. To encourage the use of this medicinal species native and also enable cytogenetic characterization to assist subsequently preservation programs and genetic improvement, the objective of this study was to characterize the meiotic behavior and to estimate the pollen viability of different accesses of S. australis from Rio Grande do Sul by different stains. To this end, the floral buds of 15 accesses were collected, fixed in ethanol:acetic acid (3:1) and stored in 70% ethanol until use. Slides were prepared using the squashing technique of the anthers. For meiotic analysis, 2% aceticorcein staining was used, where all phases were analyzed and the meiotic index determined. Three stains were used to estimate pollen viability: Alexander´s reaction, 2% acetic-orcein, and 2% acetic-carmine. Data were analyzed by the Scott-Knott test at 5% significance level. In the 12 accesses analyzed, meiosis was regular, exhibiting chromosome associations preferably in bivalents, finding n = 19 while meiotic index values exceeded 90%. Regarding pollen viability, the majority of the accesses had a high percentage of viable pollens (over 75%), except for the ERE01 access (44%). On the staining comparison, Alexander´s reaction proved the most suitable method for estimating the pollen viability of the specie. Therefore, it can be concluded that the accesses of S. australis studied exhibited regular meiotic behavior, gametic number n = 19 chromosomes, high meiotic index values and a high percentage of viable pollens. Key words: sabugueiro, citogenetic, meiosis, pollen grains, stains.
650 _aSABUGUEIRO
650 _aCITOGENÉTICA
650 _aMEIOSE
650 _aPÓLEN
650 _aCORANTE
773 0 _03543
_9317736
_dBotucatu-SP Instituto de Biociências - Departamento de Química e Bioquímica 1998
_o2024-4451
_tRevista Brasileira de Plantas Medicinais (Brazil)
_x1516-0572
_gv. 21(1) p. 8-16; (2019)
_wBR2024002561
856 _uhttp://www.sbpmed.org.br/admin/files/papers/file_Z2nzTc9TwVd7.pdf
942 _cAnalítica
999 _c301092
_d301092